000 00667nam a22002057a 4500
005 20251108172626.0
008 250721s2002 xx 000 0 ara d
082 1 4 _a362,4/صفد
100 1 _aالصفدي، عصام حمدي
245 1 0 _aالإعاقة الحركيه و الشلل الدماغي /
264 1 _aعمان :
_bدار اليازوري للنشر،
_c2002.
300 _a221ص.
650 1 7 _aالمعوقون حركيا
650 1 7 _aرعاية المعوقين
650 1 7 _aالشلل الدماغي
650 1 7 _aالخدمة الاجتماعيه
650 1 7 _aالرعاية الاجتماعية
942 _2ddc
_cBK
999 _c84353
_d84353